Score 0/20 Timer 02:00
0 Plays Today
Title Missing Words % Correct
Malcolm in the _____Middle
98.8%
_____ Are from Mars, Women Are from VenusMen
98.6%
_____ the FockersMeet
97.8%
Sweet Child O' _____Mine
97.6%
To Kill a _____Mockingbird
96.4%
_____, She WroteMurder
92.6%
Full _____ JacketMetal
91.8%
_____ of the PenguinsMarch
89.1%
The _____ & the PapasMamas
89.1%
_____... with ChildrenMarried
87.4%
Title Missing Words % Correct
The _____ DucksMighty
83.9%
_____ Tyler Moore ShowMary
81.9%
Mork & _____Mindy
78.1%
_____ VanilliMilli
75.9%
_____ of a GeishaMemoirs
72.5%
The Bridges of _____ CountyMadison
71.4%
Man In The _____Mirror
70.5%
The _____ CandidateManchurian
65.6%
_____ The KnifeMack
59.9%
_____ BovaryMadame
59.5%

Today's Daily Dose

Missing Word
I Hardly Know Her!

Word Ladder
Sentence Ending

Quick Pick
Female Firsts

Get the Picture
Triathlon Sports

Remove Ads.
Support Sporcle.
Get the best of Sporcle when you Go Orange. This ad-free experience offers more features, more stats, and more fun while also helping to support Sporcle. Thank you for becoming a member.

You're not logged in!

Compare scores with friends on all Sporcle quizzes.
OR
Log In

Show Comments

Extras

Top Quizzes Today


Score Distribution

Your Account Isn't Verified!

In order to create a playlist on Sporcle, you need to verify the email address you used during registration. Go to your Sporcle Settings to finish the process.

Report this User

Report this user for behavior that violates our Community Guidelines.

Details: